Mechanizmus účinku haloperidolu a jeho vplyv na plasticitu neuronálnych buniek

Guardado en:
Detalles Bibliográficos
Autor principal: Kubíčková, Jana (Autor)
Otros Autores: Križanová, Oľga (Orientador)
Formato: Manuscrito Libro
Lenguaje:eslovaco
Publicado: 2017
Materias:
Acceso en línea:http://is.stuba.sk/zp/portal_zp.pl?podrobnosti=113390
Etiquetas: Agregar Etiqueta
Sin Etiquetas, Sea el primero en etiquetar este registro!

MARC

LEADER 00000ntm a22000003a 4500
001 stuzp42871
003 SK-STU
005 20170826210309.9
007 ta
008 150427s2015----xo-----f-mn---000-0-slo-d
040 |a STU  |b slo 
041 0 |a slo 
100 1 |a Kubíčková, Jana  |u 043000  |4 aut  |U FCHPT Fakulta chemickej a potravinárskej technológie  |T FCHPT Ústav biochémie a mikrobiológie  |X 65304  |U C3000  |Y 101  |7 65304 
242 0 1 |a MECHANISM OF THE ACTION OF HALOPERIDOL AND ITS EFFECT ON PLASTICITY OF NEURONAL CELLS  |y eng 
245 1 0 |a Mechanizmus účinku haloperidolu a jeho vplyv na plasticitu neuronálnych buniek 
260 |c 2017 
650 4 |a plasticita neuronálnych buniek  |2 slo 
650 4 |a inozitol 1,4,5-trifosfátové receptory  |2 slo 
650 4 |a sigma 1 receptory  |2 slo 
650 4 |a dopamínové receptory  |2 slo 
650 4 |a haloperidol  |2 slo 
650 4 |a neuronal cell plasticity  |2 eng 
650 4 |a haloperidol  |2 eng 
650 4 |a the inositol 1,4,5-trisphosphate receptors  |2 eng 
650 4 |a sigma 1 receptors  |2 eng 
650 4 |a dopamin receptors  |2 eng 
700 1 |a Križanová, Oľga  |4 ths  |X 66677  |7 66677 
856 4 |u http://is.stuba.sk/zp/portal_zp.pl?podrobnosti=113390